000 00626nam a2200193Ia 4500
008 140429s9999 xx 000 0 und d
020 _a9780170183024
050 _aQA 276.12
_b.M145 2011
100 _aMacGillivray, Helen
245 _aUtts and Heckard's mind on statistics /
_cHelen MacGillivray, Jessica M. Utts and Robert F. Heckard.
250 _a1st ed.
260 _aAustralia :
_bBrooks/Cole Cengage Learning,
_cc2011.
300 _a556 p. :
_bcol. ill. ;
_c28 cm.
500 _aIncludes bibliographical references and index.
521 _aBSBA
650 _aStatistics.
942 _kFOR
_cBK
999 _c115682
_d115682